[Event "Arad op 16th"]
[Site "Arad"]
[Date "2023.08.10"]
[Round "6"]
[White "Ardelean, George Catalin"]
[Black "Zakrzewski, Marek"]
[Result "1-0"]
[WhiteElo "2447"]
[BlackElo "2291"]
[PlyCount "133"]
[EventDate "2023.08.07"]
[EventType "swiss"]
[EventRounds "9"]
[EventCountry "ROU"]
[SourceTitle "EXT 2024"]
[Source "ChessBase"]
[SourceDate "2023.10.10"]
[SourceVersion "1"]
[SourceVersionDate "2023.10.10"]
[SourceQuality "1"]

1. e4 c5 2. Nf3 e6 3. d4 cxd4 4. Nxd4 Nc6 5. Bf4 d6 6. Nxc6 bxc6 7. c4 e5 8. Be3 Nf6 9. Nc3 Be7 10. Be2 0-0 11. 0-0 Be6 12. b4 Qd7 13. Qd3 Ng4 14. Bxg4 Bxg4 15. b5 Be6 16. Rfd1 f5 17. f3 Qe8 18. bxc6 Qxc6 19. Nd5 Bh4 20. Kh1 Kh8 21. Rac1 f4 22. Bg1 Rfd8 23. Qa3 Rd7 24. c5 dxc5 25. Rxc5 Qb7 26. Qc3 Bf6 27. Rc6 Bf7 28. Qc2 Rb8 29. Rd3 Bxd5 30. Rxd5 h6 31. Rxd7 Qxd7 32. Rc7 Qb5 33. Rxa7 Qf1 34. Rb7 Rd8 35. Rb1 Qa6 36. a4 Rc8 37. Qa2 Qd3 38. Qe6 Ra8 39. Rc1 Qd8 40. Bb6 Qd2 41. Rg1 Qc3 42. a5 Kh7 43. Qf5+ Kh8 44. Qd7 Qc4 45. Qb7 Ra6 46. Qd5 Qc8 47. Qd2 Ra8 48. Rc1 Qa6 49. Qd7 Kh7 50. Qf5+ Kh8 51. Qd7 Kh7 52. Qc6 Rb8 53. Qc4 Qa8 54. h3 Rb7 55. Qc6 Qa6 56. Qc8 Rxb6 57. Qf5+ Kg8 58. axb6 Qxb6 59. Rc8+ Kf7 60. Qh5+ g6 61. Qxh6 Bg7 62. Qg5 Qa5 63. Kh2 Bf6 64. Qg4 Qe1 65. Rc7+ Be7 66. Qg5 Qb4 67. Qxe5 1-0

[Event "Arad op 16th"]
[Site "Arad"]
[Date "2023.08.08"]
[Round "3"]
[White "Zakrzewski, Marek"]
[Black "Haring, Filip"]
[Result "1/2-1/2"]
[WhiteElo "2291"]
[BlackElo "2446"]
[PlyCount "58"]
[EventDate "2023.08.07"]
[EventType "swiss"]
[EventRounds "9"]
[EventCountry "ROU"]
[SourceTitle "EXT 2024"]
[Source "ChessBase"]
[SourceDate "2023.10.10"]
[SourceVersion "1"]
[SourceVersionDate "2023.10.10"]
[SourceQuality "1"]

1. e4 c5 2. Nf3 e6 3. d4 cxd4 4. Nxd4 a6 5. c4 Nf6 6. Nc3 Qc7 7. a3 b6 8. Be3 Bb7 9. f3 d6 10. Rc1 Be7 11. Be2 0-0 12. 0-0 Nbd7 13. b4 Rac8 14. Qd2 Qb8 15. Na4 Rfe8 16. Rfd1 Bd8 17. Bf1 Bc7 18. g3 h5 19. Qf2 Ne5 20. c5 b5 21. cxd6 Bxd6 22. Nc5 h4 23. Nxb7 Qxb7 24. Nxb5 axb5 25. Rxd6 Rxc1 26. Bxc1 Qc7 27. Rd1 Qc3 28. Be2 Rc8 29. Bf4 Nc4 1/2-1/2

[Event "Trzcianka Dziedzic Memorial 12th"]
[Site "Trzcianka"]
[Date "2022.11.13"]
[Round "5"]
[White "Janik, Igor"]
[Black "Zakrzewski, Marek"]
[Result "1/2-1/2"]
[WhiteElo "2539"]
[BlackElo "2284"]
[PlyCount "107"]
[EventDate "2022.11.13"]
[EventType "swiss (rapid)"]
[EventRounds "9"]
[EventCountry "POL"]
[SourceTitle "CBM 211 Extra"]
[Source "ChessBase"]
[SourceDate "2023.01.31"]
[SourceVersion "1"]
[SourceVersionDate "2023.01.31"]
[SourceQuality "1"]

1. e4 c5 2. Nf3 e6 3. g3 Nc6 4. Bg2 Nf6 5. Qe2 e5 6. 0-0 Be7 7. c3 0-0 8. Na3 Re8 9. d3 h6 10. Nc4 Bf8 11. Ne3 d5 12. exd5 Nxd5 13. Nxd5 Qxd5 14. Be3 Bf5 15. Rfd1 Qd7 16. a3 Rad8 17. Ne1 Nd4 18. cxd4 exd4 19. Nc2 dxe3 20. Nxe3 Bxd3 21. Qf3 b5 22. Qc6 Qe6 23. Bd5 Qg6 24. Rd2 c4 25. Rad1 Qxc6 26. Bxc6 Re5 27. b3 Bc5 28. bxc4 Rxe3 29. cxb5 Re6 30. Rxd3 Red6 31. Rxd6 Rxd6 32. Rxd6 Bxd6 33. a4 Bc7 34. Kg2 Kf8 35. f4 Ke7 36. Kf3 f5 37. Ke2 g5 38. fxg5 hxg5 39. Kf3 Kf6 40. h3 Ke5 41. Bd7 Bb6 42. h4 g4+ 43. Ke2 f4 44. Bxg4 fxg3 45. Kf3 Bf2 46. h5 Kf6 47. Bd7 Kg5 48. Be8 Kh6 49. a5 Kg5 50. Kg2 Kh6 51. Kf3 Kg5 52. b6 axb6 53. a6 b5 54. Bxb5 1/2-1/2

[Event "Trzcianka Dziedzic Memorial 12th"]
[Site "Trzcianka"]
[Date "2022.11.13"]
[Round "6"]
[White "Krasenkow, Michal"]
[Black "Zakrzewski, Marek"]
[Result "1-0"]
[WhiteElo "2541"]
[BlackElo "2284"]
[PlyCount "93"]
[EventDate "2022.11.13"]
[EventType "swiss (rapid)"]
[EventRounds "9"]
[EventCountry "POL"]
[SourceTitle "CBM 211 Extra"]
[Source "ChessBase"]
[SourceDate "2023.01.31"]
[SourceVersion "1"]
[SourceVersionDate "2023.01.31"]
[SourceQuality "1"]

1. d4 Nf6 2. c4 e6 3. Nf3 d5 4. Nc3 c6 5. Qb3 dxc4 6. Qxc4 b5 7. Qd3 a6 8. e4 c5 9. dxc5 Qxd3 10. Bxd3 Bxc5 11. e5 Nd5 12. Nxd5 exd5 13. Bf4 Bg4 14. Nh4 Nd7 15. h3 Bb4+ 16. Kf1 Be6 17. Nf5 Bxf5 18. Bxf5 g6 19. Bg4 Rc8 20. Rd1 h5 21. Bf3 Nb6 22. a3 Be7 23. Ke2 Rc2+ 24. Rd2 Rxd2+ 25. Bxd2 Kd7 26. Be3 Nc4 27. Bxd5 Nxe3 28. Kxe3 Bc5+ 29. Ke4 Rf8 30. f4 f5+ 31. Kf3 Bd4 32. Rd1 Bxb2 33. Bf7+ Kc7 34. e6 Bxa3 35. Rd7+ Kc6 36. Bxg6 Bc5 37. Rg7 Rf6 38. Be8+ Kd6 39. Bf7 b4 40. Rg8 a5 41. Ra8 b3 42. Rxa5 Kc6 43. Rxc5+ Kxc5 44. e7 b2 45. e8Q b1Q 46. Qe5+ Kb4 47. Qb8+ 1-0

[Event "POL-chT 2nd League"]
[Site "Jastrzebia Gora"]
[Date "2022.09.08"]
[Round "6.48"]
[White "Goluch, Piotr"]
[Black "Zakrzewski, Marek"]
[Result "1/2-1/2"]
[WhiteElo "2353"]
[BlackElo "2275"]
[PlyCount "38"]
[EventDate "2022.09.03"]
[EventType "team-swiss"]
[EventRounds "9"]
[EventCountry "POL"]
[SourceTitle "CBM 210 Extra"]
[Source "ChessBase"]
[SourceDate "2022.11.30"]
[SourceVersion "1"]
[SourceVersionDate "2022.11.30"]
[SourceQuality "1"]
[WhiteTeam "Bogatynia UKS SP3"]
[BlackTeam "Lipno Steszew"]
[WhiteTeamCountry "POL"]
[BlackTeamCountry "POL"]

1. e4 c5 2. Nf3 d6 3. d4 cxd4 4. Nxd4 Nf6 5. Nc3 a6 6. Nb3 Nc6 7. Be2 e6 8. g4 b5 9. a3 h6 10. Be3 Bb7 11. f4 Na5 12. Bf3 Nc4 13. Bc1 Qc7 14. 0-0 Be7 15. Qe2 0-0-0 16. Nd2 d5 17. Nxc4 bxc4 18. e5 Nd7 19. Be3 g5 1/2-1/2

[Event "POL-chT 2nd League"]
[Site "Jastrzebia Gora"]
[Date "2022.09.06"]
[Round "4.30"]
[White "Sapis, Witalis"]
[Black "Zakrzewski, Marek"]
[Result "1/2-1/2"]
[WhiteElo "2378"]
[BlackElo "2275"]
[PlyCount "22"]
[EventDate "2022.09.03"]
[EventType "team-swiss"]
[EventRounds "9"]
[EventCountry "POL"]
[SourceTitle "CBM 210 Extra"]
[Source "ChessBase"]
[SourceDate "2022.11.30"]
[SourceVersion "1"]
[SourceVersionDate "2022.11.30"]
[SourceQuality "1"]
[WhiteTeam "Grzybowo GKSz Solny"]
[BlackTeam "Lipno Steszew"]
[WhiteTeamCountry "POL"]
[BlackTeamCountry "POL"]

1. d4 d5 2. Nf3 Nf6 3. c4 c6 4. cxd5 cxd5 5. Nc3 Nc6 6. Bf4 a6 7. Rc1 Bf5 8. e3 Rc8 9. Bd3 Bxd3 10. Qxd3 e6 11. 0-0 Be7 1/2-1/2

[Event "POL-chT 2nd League"]
[Site "Jastrzebia Gora"]
[Date "2022.09.05"]
[Round "3.91"]
[White "Zarnowski, Krzysztof"]
[Black "Zakrzewski, Marek"]
[Result "1/2-1/2"]
[WhiteElo "2050"]
[BlackElo "2275"]
[PlyCount "240"]
[EventDate "2022.09.03"]
[EventType "team-swiss"]
[EventRounds "9"]
[EventCountry "POL"]
[SourceTitle "CBM 210 Extra"]
[Source "ChessBase"]
[SourceDate "2022.11.30"]
[SourceVersion "1"]
[SourceVersionDate "2022.11.30"]
[SourceQuality "1"]
[WhiteTeam "Krakow AGH"]
[BlackTeam "Lipno Steszew"]
[WhiteTeamCountry "POL"]
[BlackTeamCountry "POL"]

1. d4 Nf6 2. c4 e6 3. Nf3 d5 4. Nc3 c6 5. Bg5 Nbd7 6. e3 Qa5 7. Nd2 Bb4 8. Qc2 dxc4 9. Bxf6 Nxf6 10. Nxc4 Qc7 11. Be2 c5 12. a3 Bxc3+ 13. bxc3 0-0 14. Qb3 b6 15. Bf3 Rb8 16. a4 Ba6 17. Na3 cxd4 18. exd4 e5 19. Nb5 Bxb5 20. axb5 exd4 21. 0-0 dxc3 22. Rfc1 Rbc8 23. g3 Rfd8 24. Bc6 a5 25. Rxc3 Qe5 26. Rf1 Qe6 27. Qb2 Qh3 28. Bg2 Qf5 29. Rc6 Rb8 30. Re1 h5 31. h3 Re8 32. Rxe8+ Rxe8 33. Qd4 Qxb5 34. Rxb6 Qe5 35. Qxe5 Rxe5 36. Rb8+ Kh7 37. Bf3 Kg6 38. Ra8 Ne8 39. Ra7 Rc5 40. Kg2 Nc7 41. Bd1 f6 42. Bb3 Kh6 43. h4 g5 44. hxg5+ fxg5 45. Bf7 h4 46. gxh4 gxh4 47. f4 Kg7 48. Be6 Kf6 49. Bg4 Nd5 50. Ra6+ Ke7 51. Kh3 Nxf4+ 52. Kxh4 Nd5 53. Kg3 Nc7 54. Ra7 Kd6 55. Bf3 Ke5 56. Kf2 Kd4 57. Bd1 Kc3 58. Ke3 Nd5+ 59. Ke4 Nb6 60. Ra6 Nc4 61. Ba4 Nd2+ 62. Ke3 Re5+ 63. Kf2 Kb4 64. Bc6 Nb3 65. Ra8 Nd4 66. Rb8+ Kc3 67. Ba4 Re2+ 68. Kf1 Re4 69. Ra8 Kb4 70. Bd7 Re7 71. Be8 Re4 72. Rb8+ Kc3 73. Kf2 Kd2 74. Bd7 Re7 75. Ra8 Rxd7 76. Rxa5 Rf7+ 77. Kg3 Kd3 78. Re5 Ne2+ 79. Kg4 Nc3 80. Re6 Ne4 81. Ra6 Nc5 82. Ra5 Kd4 83. Ra8 Ke5 84. Ra5 Rc7 85. Ra8 Rg7+ 86. Kf3 Rf7+ 87. Ke3 Rb7 88. Re8+ Ne6 89. Ra8 Rb3+ 90. Kd2 Rh3 91. Ra7 Nc5 92. Ra8 Nb3+ 93. Ke2 Nd4+ 94. Kd2 Ne6 95. Ra7 Ke4 96. Re7 Rd3+ 97. Kc2 Rd6 98. Rh7 Nd4+ 99. Kc3 Nf5 100. Rh8 Rd3+ 101. Kc4 Ne3+ 102. Kc5 Rc3+ 103. Kb4 Nd5+ 104. Kb5 Nf6 105. Kb4 Rc1 106. Rh4+ Kd5 107. Rh8 Kd4 108. Kb5 Rc7 109. Kb4 Nd5+ 110. Kb3 Rb7+ 111. Kc2 Ne3+ 112. Kd2 Rb2+ 113. Ke1 Nf5 114. Rd8+ Ke3 115. Re8+ Kd3 116. Rd8+ Nd4 117. Kf1 Ke3 118. Re8+ Kf4 119. Rf8+ Nf5 120. Ke1 Ke4 1/2-1/2

[Event "Ustron op-A"]
[Site "Ustron"]
[Date "2022.08.20"]
[Round "9"]
[White "Zakrzewski, Marek"]
[Black "Wikar, Martyna"]
[Result "0-1"]
[WhiteElo "2287"]
[BlackElo "2257"]
[PlyCount "140"]
[EventDate "2022.08.12"]
[EventType "swiss"]
[EventRounds "9"]
[EventCountry "POL"]
[SourceTitle "CBM 210 Extra"]
[Source "ChessBase"]
[SourceDate "2022.11.30"]
[SourceVersion "1"]
[SourceVersionDate "2022.11.30"]
[SourceQuality "1"]

1. c4 c5 2. Nc3 Nf6 3. g3 d5 4. cxd5 Nxd5 5. Bg2 Nc7 6. Nf3 Nc6 7. a3 e5 8. b4 cxb4 9. axb4 a6 10. b5 axb5 11. Rxa8 Nxa8 12. Nxb5 Be7 13. 0-0 0-0 14. Nc3 Be6 15. d3 Nc7 16. Be3 Qd7 17. Qd2 b5 18. Rb1 b4 19. Ne4 Ra8 20. Nc5 Bxc5 21. Bxc5 Ra2 22. Qd1 Nd5 23. Nxe5 Nxe5 24. Bxb4 h6 25. Bd2 Nc6 26. Ra1 Qa7 27. Rxa2 Qxa2 28. e4 Ndb4 29. Bxb4 Nxb4 30. Bf1 Bb3 31. Qe1 Nc2 32. Qc3 Qb1 33. d4 Be6 34. d5 Bh3 35. Qd3 Qa1 36. Qa6 Qb1 37. Qd3 Kf8 38. Qb5 Qxb5 39. Bxb5 Nd4 40. Bd3 Nf3+ 41. Kh1 Ke7 42. Be2 Nd4 43. Bd1 Kd6 44. f3 f5 45. exf5 Nxf5 46. Kg1 Ne3 47. Bb3 Bd7 48. Kf2 Nxd5 49. h4 Ke5 50. Bc2 Kd4 51. Bh7 Bb5 52. Bg8 Nb4 53. Bh7 Nd3+ 54. Ke2 Ne5+ 55. Kf2 Bc6 56. f4 Ng4+ 57. Ke2 Nf6 58. Bg6 Be4 59. Bf7 Bf5 60. Kf2 Bg4 61. Bg6 Ne4+ 62. Kg2 Ke3 63. Be8 Bf3+ 64. Kh3 Kf2 65. g4 Bxg4+ 66. Kxg4 Nf6+ 67. Kf5 Nxe8 68. Kg6 Kg3 69. h5 Kxf4 70. Kf7 Ke5 0-1

[Event "Ustron op-A"]
[Site "Ustron"]
[Date "2022.08.18"]
[Round "7"]
[White "Zakrzewski, Marek"]
[Black "Piekielny, Pawel"]
[Result "1/2-1/2"]
[WhiteElo "2287"]
[BlackElo "2254"]
[PlyCount "78"]
[EventDate "2022.08.12"]
[EventType "swiss"]
[EventRounds "9"]
[EventCountry "POL"]
[SourceTitle "CBM 210 Extra"]
[Source "ChessBase"]
[SourceDate "2022.11.30"]
[SourceVersion "1"]
[SourceVersionDate "2022.11.30"]
[SourceQuality "1"]

1. e4 c6 2. d4 d5 3. e5 c5 4. dxc5 e6 5. a3 Bxc5 6. Qg4 Ne7 7. Nf3 0-0 8. Bd3 Ng6 9. 0-0 Nc6 10. Qh5 Qc7 11. Nc3 a6 12. Ne2 h6 13. b4 Ba7 14. Bb2 Bb8 15. Bxg6 fxg6 16. Qxg6 Rxf3 17. gxf3 Nxe5 18. Qg3 Nxf3+ 19. Kg2 Nxh2 20. Qxc7 Bxc7 21. Rfc1 Ng4 22. c4 Bd6 23. c5 Be5 24. Bxe5 Nxe5 25. Nd4 Bd7 26. Kg3 Rf8 27. f4 Nc6 28. Nxc6 Bxc6 29. a4 d4 30. Rd1 Rd8 31. Ra3 Kf7 32. Rad3 Bxa4 33. Rxd4 Rxd4 34. Rxd4 Kf6 35. Rd8 Bc6 36. Rf8+ Ke7 37. Rg8 Kf7 38. Rc8 Kf6 39. Rf8+ Ke7 1/2-1/2

[Event "Ustron op-A"]
[Site "Ustron"]
[Date "2022.08.15"]
[Round "4"]
[White "Zakrzewski, Marek"]
[Black "Luberanski, Jakub"]
[Result "1-0"]
[WhiteElo "2287"]
[BlackElo "2224"]
[PlyCount "57"]
[EventDate "2022.08.12"]
[EventType "swiss"]
[EventRounds "9"]
[EventCountry "POL"]
[SourceTitle "CBM 210 Extra"]
[Source "ChessBase"]
[SourceDate "2022.11.30"]
[SourceVersion "1"]
[SourceVersionDate "2022.11.30"]
[SourceQuality "1"]

1. e4 e5 2. Nf3 Nc6 3. d4 exd4 4. Nxd4 Bc5 5. Nb3 Bb6 6. Nc3 Nf6 7. Bg5 h6 8. Bh4 0-0 9. Qe2 a5 10. a4 Nd4 11. Qd3 Nxb3 12. cxb3 c6 13. 0-0-0 d5 14. Qc2 Be6 15. Kb1 g5 16. Bg3 Qe7 17. h4 g4 18. Bf4 Rfd8 19. Bxh6 dxe4 20. Bc4 Bxc4 21. bxc4 Rxd1+ 22. Rxd1 Rd8 23. Re1 Qb4 24. Qc1 e3 25. Bxe3 Re8 26. Bxb6 Rxe1 27. Qxe1 Qxb6 28. Qd2 Qc5 29. Qd8+ 1-0

[Event "EU-ch Rapid"]
[Site "Katowice"]
[Date "2021.12.19"]
[Round "8"]
[White "Klekowski, Maciej"]
[Black "Zakrzewski, Marek"]
[Result "1/2-1/2"]
[WhiteElo "2479"]
[BlackElo "2287"]
[PlyCount "91"]
[EventDate "2021.12.18"]
[EventType "swiss (rapid)"]
[EventRounds "11"]
[EventCountry "POL"]
[SourceTitle "CBM 205 Extra"]
[Source "ChessBase"]
[SourceDate "2022.01.31"]
[SourceVersion "1"]
[SourceVersionDate "2022.01.31"]
[SourceQuality "1"]

1. c4 c6 2. Nf3 d5 3. b3 Nf6 4. Bb2 e6 5. g3 Bd6 6. Bg2 Nbd7 7. 0-0 0-0 8. d4 Qe7 9. Nbd2 Ne4 10. Ne5 f5 11. Nd3 a5 12. a4 b6 13. Nf3 Ba6 14. Rc1 Rac8 15. Nfe5 Nxe5 16. Nxe5 Bxe5 17. dxe5 dxc4 18. Bxe4 fxe4 19. bxc4 Rcd8 20. Qb3 Qb4 21. Qxb4 axb4 22. Rfd1 Rxd1+ 23. Rxd1 Bxc4 24. Rd4 Bxe2 25. Rxe4 Bf3 26. Rxb4 Rd8 27. Rd4 Rxd4 28. Bxd4 Bd1 29. Bxb6 Bxa4 30. f3 Kf7 31. Kf2 Bb3 32. Ke3 Bd5 33. Bc5 Ke8 34. h4 Kf7 35. h5 g6 36. g4 gxh5 37. gxh5 Kg7 38. Kf4 Bc4 39. Kg5 Bd5 40. Kg4 Bc4 41. f4 Bd3 42. Kg5 h6+ 43. Kg4 Be2+ 44. Kh4 Bd3 45. Be3 Be2 46. Bc5 1/2-1/2

[Event "EU-ch Rapid"]
[Site "Katowice"]
[Date "2021.12.18"]
[Round "4"]
[White "Zapalowska, Wiktoria"]
[Black "Zakrzewski, Marek"]
[Result "1/2-1/2"]
[WhiteElo "1375"]
[BlackElo "2287"]
[PlyCount "98"]
[EventDate "2021.12.18"]
[EventType "swiss (rapid)"]
[EventRounds "11"]
[EventCountry "POL"]
[SourceTitle "CBM 205 Extra"]
[Source "ChessBase"]
[SourceDate "2022.01.31"]
[SourceVersion "1"]
[SourceVersionDate "2022.01.31"]
[SourceQuality "1"]

1. e4 c5 2. Nf3 e6 3. d4 cxd4 4. Nxd4 Nc6 5. Nc3 Qc7 6. Be3 a6 7. Be2 Nf6 8. f3 b5 9. a3 Bb7 10. 0-0 Bc5 11. Bf2 Qb6 12. Nxc6 Bxf2+ 13. Rxf2 dxc6 14. Qe1 0-0 15. Kh1 e5 16. Rd1 Rad8 17. Bd3 Rd6 18. Rfd2 Rfd8 19. Bf1 c5 20. Qe3 Qc7 21. Rxd6 Rxd6 22. Rxd6 Qxd6 23. Qd3 Qd4 24. Qxd4 exd4 25. Ne2 Kf8 26. b4 Nd7 27. bxc5 Nxc5 28. Nxd4 Ke7 29. Kg1 Kd6 30. Kf2 Na4 31. c4 bxc4 32. Bxc4 Kc5 33. Bb3 Kxd4 34. Bxa4 Kc3 35. Be8 f6 36. Ke3 a5 37. g3 g5 38. f4 gxf4+ 39. gxf4 Kb3 40. a4 Kc4 41. e5 fxe5 42. fxe5 Kd5 43. Kf4 Ke6 44. Bb5 Bd5 45. Be8 Bb3 46. Ke4 Bc2+ 47. Kd4 Bb3 48. Ke4 Bc2+ 49. Kd4 Bb3 1/2-1/2

[Event "EU-ch Blitz"]
[Site "Katowice"]
[Date "2021.12.17"]
[Round "14"]
[White "Dragnev, Valentin"]
[Black "Zakrzewski, Marek"]
[Result "1-0"]
[WhiteElo "2535"]
[BlackElo "2287"]
[PlyCount "79"]
[EventDate "2021.12.17"]
[EventType "swiss (blitz)"]
[EventRounds "22"]
[EventCountry "POL"]
[SourceTitle "CBM 205 Extra"]
[Source "ChessBase"]
[SourceDate "2022.01.31"]
[SourceVersion "1"]
[SourceVersionDate "2022.01.31"]
[SourceQuality "1"]

1. e4 c5 2. Nf3 e6 3. d4 cxd4 4. Nxd4 Nc6 5. Nc3 Qc7 6. Ncb5 Qb8 7. Bd3 a6 8. Nxc6 bxc6 9. Nd4 c5 10. Nf3 Nf6 11. e5 Nd5 12. 0-0 Be7 13. a3 f5 14. c4 Nb6 15. Qe2 Bb7 16. Re1 Bc6 17. Ng5 0-0 18. Rb1 a5 19. b3 Qb7 20. Qh5 Bxg5 21. Qxg5 Rae8 22. Bd2 Qa8 23. Be3 d6 24. exd6 Nd7 25. f3 Rf6 26. Qh4 Rg6 27. Kf2 Qb8 28. Bf4 e5 29. Bxf5 exf4 30. Bxg6 hxg6 31. Rxe8+ Qxe8 32. Qxf4 Ne5 33. Rd1 Qe6 34. h3 Bd7 35. Qe3 a4 36. Re1 axb3 37. Qxe5 Qxe5 38. Rxe5 b2 39. Re1 Bf5 40. d7 1-0

[Event "EU-ch Blitz"]
[Site "Katowice"]
[Date "2021.12.17"]
[Round "5"]
[White "Durarbayli, Vasif"]
[Black "Zakrzewski, Marek"]
[Result "1/2-1/2"]
[WhiteElo "2615"]
[BlackElo "2287"]
[PlyCount "79"]
[EventDate "2021.12.17"]
[EventType "swiss (blitz)"]
[EventRounds "22"]
[EventCountry "POL"]
[SourceTitle "CBM 205 Extra"]
[Source "ChessBase"]
[SourceDate "2022.01.31"]
[SourceVersion "1"]
[SourceVersionDate "2022.01.31"]
[SourceQuality "1"]

1. e4 c5 2. b3 g6 3. Bb2 Nf6 4. e5 Nd5 5. Nc3 Nxc3 6. dxc3 Bg7 7. f4 0-0 8. Qd2 d5 9. exd6 Qxd6 10. Qxd6 exd6 11. 0-0-0 Rd8 12. Bc4 Nc6 13. Nf3 Bg4 14. Rhf1 Bh6 15. g3 Ne7 16. Rde1 Nf5 17. Bd5 Rab8 18. c4 Bxf3 19. Rxf3 Bg7 20. g4 Bxb2+ 21. Kxb2 Nd4 22. Rfe3 Kf8 23. Rh3 Re8 24. Rxe8+ Rxe8 25. Rxh7 Re2 26. Rxf7+ Ke8 27. Rxb7 Rxc2+ 28. Ka3 Rxh2 29. Rxa7 Ne2 30. Bc6+ Kf8 31. Ra8+ Kf7 32. f5 gxf5 33. gxf5 Nc3 34. b4 Rxa2+ 35. Kb3 Rxa8 36. Bxa8 cxb4 37. Kxb4 Ne2 38. Kb5 Nd4+ 39. Kb6 Nxf5 40. c5 1/2-1/2

[Event "EU-ch Blitz"]
[Site "Katowice"]
[Date "2021.12.17"]
[Round "12"]
[White "Zakrzewski, Marek"]
[Black "Blohberger, Felix"]
[Result "0-1"]
[WhiteElo "2287"]
[BlackElo "2503"]
[PlyCount "108"]
[EventDate "2021.12.17"]
[EventType "swiss (blitz)"]
[EventRounds "22"]
[EventCountry "POL"]
[SourceTitle "CBM 205 Extra"]
[Source "ChessBase"]
[SourceDate "2022.01.31"]
[SourceVersion "1"]
[SourceVersionDate "2022.01.31"]
[SourceQuality "1"]

1. e4 c5 2. Nf3 d6 3. Bb5+ Bd7 4. Bxd7+ Nxd7 5. 0-0 Ngf6 6. Qe2 e6 7. d4 cxd4 8. Nxd4 Qa5 9. c4 Rc8 10. Nb3 Qc7 11. N3d2 Be7 12. Nc3 a6 13. b3 0-0 14. Bb2 Rfe8 15. Rac1 Bf8 16. f4 Qc5+ 17. Kh1 Qh5 18. Qxh5 Nxh5 19. g3 Nhf6 20. Kg2 Nc5 21. Rf3 Red8 22. Ba3 d5 23. Bxc5 dxe4 24. Ndxe4 Bxc5 25. Nxc5 Rxc5 26. Rd1 Rxd1 27. Nxd1 Kf8 28. Rd3 Ke7 29. Kf3 h6 30. h4 g5 31. Ne3 gxf4 32. gxf4 Rh5 33. Kg2 Rxh4 34. f5 e5 35. b4 Rd4 36. Rxd4 exd4 37. Nf1 Kd6 38. Kf3 Ke5 39. Ng3 Ne8 40. c5 Ng7 41. f6 Ne8 42. Nh5 Nxf6 43. Nxf6 Kxf6 44. Ke4 d3 45. Kxd3 Ke5 46. a4 Kd5 47. Kc3 f5 48. Kd3 f4 49. Ke2 Kc4 50. b5 axb5 51. axb5 Kxb5 52. Kf3 Kxc5 53. Kxf4 Kc4 54. Ke3 Kc3 0-1

[Event "POL-chT 1st League"]
[Site "Szklarska Poreba"]
[Date "2021.09.10"]
[Round "7.13"]
[White "Chojnacki, Krzysztof"]
[Black "Zakrzewski, Marek"]
[Result "1-0"]
[WhiteElo "2377"]
[BlackElo "2273"]
[PlyCount "119"]
[EventDate "2021.09.04"]
[EventType "team-swiss"]
[EventRounds "9"]
[EventCountry "POL"]
[SourceTitle "CBM 204 Extra"]
[Source "ChessBase"]
[SourceDate "2021.11.30"]
[SourceVersion "1"]
[SourceVersionDate "2021.11.30"]
[SourceQuality "1"]
[WhiteTeam "Chrobry Gniezno"]
[BlackTeam "Lipno Steszew"]
[WhiteTeamCountry "POL"]
[BlackTeamCountry "POL"]

1. d4 d5 2. c4 c6 3. cxd5 cxd5 4. Nc3 Nf6 5. Bf4 Nc6 6. e3 a6 7. Rc1 Bf5 8. Nf3 Rc8 9. Be2 e6 10. 0-0 Bd6 11. Bxd6 Qxd6 12. Na4 0-0 13. Nc5 Rc7 14. Qb3 Qe7 15. Rc3 Bg4 16. Rfc1 Ne4 17. R3c2 Bxf3 18. Bxf3 Nxc5 19. Rxc5 Rcc8 20. Be2 Ra8 21. h3 g6 22. Qc3 Rfc8 23. a3 Qd8 24. Qb3 Na5 25. Qb4 Rxc5 26. Rxc5 b6 27. Rc3 b5 28. a4 bxa4 29. Qxa4 Qb6 30. b4 Nc4 31. Bxc4 Rc8 32. Qd7 Qc6 33. Qxc6 Rxc6 34. Kf1 dxc4 35. Ke2 Kf8 36. Kd2 Ke7 37. Ra3 Kd6 38. Kc3 Kc7 39. Ra5 Kb6 40. g4 h6 41. h4 Rc8 42. Rc5 Rf8 43. Kxc4 Rd8 44. Kd3 f5 45. g5 hxg5 46. hxg5 Kb7 47. f3 Rd6 48. e4 fxe4+ 49. fxe4 Rb6 50. Kc4 Rd6 51. e5 Rd8 52. d5 exd5+ 53. Rxd5 Rf8 54. e6 Kc6 55. e7 Re8 56. Re5 Kd6 57. Kd4 Kc6 58. Re6+ Kd7 59. Kd5 Kc7 60. Rxa6 1-0

[Event "POL-chT 1st League"]
[Site "Szklarska Poreba"]
[Date "2021.09.07"]
[Round "4.10"]
[White "Zakrzewski, Marek"]
[Black "Pniaczek, Marek"]
[Result "1/2-1/2"]
[WhiteElo "2273"]
[BlackElo "2314"]
[PlyCount "49"]
[EventDate "2021.09.04"]
[EventType "team-swiss"]
[EventRounds "9"]
[EventCountry "POL"]
[SourceTitle "CBM 204 Extra"]
[Source "ChessBase"]
[SourceDate "2021.11.30"]
[SourceVersion "1"]
[SourceVersionDate "2021.11.30"]
[SourceQuality "1"]
[WhiteTeam "Lipno Steszew"]
[BlackTeam "Chrzanow Olimpijczyk"]
[WhiteTeamCountry "POL"]
[BlackTeamCountry "POL"]

1. e4 e5 2. Nf3 Nc6 3. Nc3 Nf6 4. d4 exd4 5. Nxd4 Bb4 6. Nxc6 bxc6 7. Bd3 d5 8. exd5 0-0 9. 0-0 Bg4 10. Be2 Bxe2 11. Nxe2 cxd5 12. Bg5 c6 13. Nd4 Qd6 14. c3 Bc5 15. Re1 Ne4 16. Be3 Bb6 17. f3 Nc5 18. a4 Ne6 19. Nf5 Qc7 20. b4 a5 21. Kh1 Rfe8 22. Qd2 Rad8 23. Rad1 Qa7 24. Bxb6 Qxb6 25. Rb1 1/2-1/2

[Event "POL-chT 1st League"]
[Site "Szklarska Poreba"]
[Date "2021.09.04"]
[Round "1.11"]
[White "Suder, Jakub"]
[Black "Zakrzewski, Marek"]
[Result "1/2-1/2"]
[WhiteElo "2339"]
[BlackElo "2273"]
[PlyCount "37"]
[EventDate "2021.09.04"]
[EventType "team-swiss"]
[EventRounds "9"]
[EventCountry "POL"]
[SourceTitle "CBM 204 Extra"]
[Source "ChessBase"]
[SourceDate "2021.11.30"]
[SourceVersion "1"]
[SourceVersionDate "2021.11.30"]
[SourceQuality "1"]
[WhiteTeam "Jastrzebie Zdroj Pionier"]
[BlackTeam "Lipno Steszew"]
[WhiteTeamCountry "POL"]
[BlackTeamCountry "POL"]

1. d4 d5 2. c4 c6 3. cxd5 cxd5 4. Bg5 f6 5. Bd2 e5 6. dxe5 fxe5 7. e4 Nf6 8. exd5 Bc5 9. Bb5+ Nbd7 10. Nc3 0-0 11. Qe2 Nb6 12. 0-0-0 Bf5 13. Bd3 Bxd3 14. Qxd3 Nfxd5 15. Nf3 Nxc3 16. Qxc3 Rc8 17. Kb1 Bxf2 18. Qb3+ Qd5 19. Qxd5+ 1/2-1/2

[Event "Poznan op 28th"]
[Site "Poznan"]
[Date "2021.08.22"]
[Round "9"]
[White "Zakrzewski, Marek"]
[Black "Szymanski, Zbigniew1111"]
[Result "1-0"]
[WhiteElo "2295"]
[BlackElo "1793"]
[PlyCount "51"]
[EventDate "2021.08.15"]
[EventType "swiss"]
[EventRounds "9"]
[EventCountry "POL"]
[SourceTitle "CBM 203 Extra"]
[Source "ChessBase"]
[SourceDate "2021.09.30"]
[SourceVersion "1"]
[SourceVersionDate "2021.09.30"]
[SourceQuality "1"]

1. e4 d6 2. d4 Nf6 3. Nc3 c6 4. f4 Qa5 5. e5 Ne4 6. Qf3 Nxc3 7. Bd2 d5 8. Bxc3 Qb6 9. f5 e6 10. f6 g6 11. a4 a5 12. Qf2 c5 13. Nf3 Bd7 14. dxc5 Bxc5 15. Bd4 Na6 16. Bxa6 Bxd4 17. Qxd4 Rxa6 18. b3 Qxd4 19. Nxd4 0-0 20. Kd2 Rb8 21. Rhe1 Rc8 22. Re3 Raa8 23. Rf1 Rc5 24. Rf4 Rac8 25. Rh4 b5 26. Rh6 1-0